• 首页
  • 本馆介绍
  • 公告通知
  • 最新文献
  • 馆藏检索
  • 电子资源
  • 读者导购
  • 参考咨询
  • 我的图书馆
  • 登录
  • 详细信息显示
  • 放入我的书架
  • 预约/预借图书
  • 作者相关作品
  • 分类相关作品
  • 丛书相关作品
  • 出版社相关作品

书目信息

  • 表格格式
  • 工作单格式
  • 卡片格式
题名:
17~19世纪的德国语言学与中国语言学
    
 
作者: 姚小平 著
分册:  
出版信息: 北京   外语教学与研究出版社  2001
页数: 477页
开本: 20cm
丛书名:
单 册:
中图分类: H1-09 , H330.9
科图分类:
主题词: 语言学史--对比研究--中国--德国--17世纪~19世纪 , 语言学史
电子资源:
ISBN: 7-5600-2137-9
000 01022nam0 2200289 45
001 (011001)c2001055441
005 20070805091728.03
009 (011001)c2001055441
010    @a7-5600-2137-9@dCNY19.90
035    @a(011001)c2001055441
100    @a20010709d2001 kemy0chiy0110 ea
101 0  @achi
102    @aCN@b110000
105    @ay z 001yy
106    @ar
200 1  @a17~19世纪的德国语言学与中国语言学@A17~19 shi ji de de guo yu yan xue yu zhong guo yu yan xue@e中西语言学史断代比较研究@Ezhong xi yu yan xue shi duan dai bi jiao yan jiu@f姚小平著@Fyao xiao ping zhu
210    @a北京@c外语教学与研究出版社@d2001
215    @a477页@d20cm
300    @a国家教委“八五”人文社科规划项目
517 1  @a中西语言学史断代比较研究@Azhong xi yu yan xue shi duan dai bi jiao yan jiu
606 0  @a语言学史@x对比研究@y中国@y德国@z17世纪~19世纪
606 0  @a语言学史
690    @aH1-09@v4
690    @aH330.9@v4
701  0 @a姚小平@Ayao xiao ping@4著
801  0 @aCN@bNLC@c20070805
905    @dH1-09@e149@f2
    
    17~19世纪的德国语言学与中国语言学:中西语言学史断代比较研究/姚小平著.-北京:外语教学与研究出版社,2001
    477页;20cm
    国家教委“八五”人文社科规划项目
    
    ISBN 7-5600-2137-9:CNY19.90
    
●
相关链接 在E读中查询图书 在五车中查询图书 在当当中查询图书 在豆瓣中查询图书


正题名:17~19世纪的德国语言学与中国语言学     索取号:H1-09/149         预约/预借

序号 登录号 条形码 馆藏地/架位号 状态 备注
1 0852109   208521090   第二样本阅览室/ [索取号:H1-09/149] 在馆    
2 0852110   208521107   第四借阅区/ [索取号:H1-09/149] 在馆    
唐山师范学院图书馆 欢迎您!
大连网信软件有限公司© 版权所有